Spell the Marvel Character #226 - Statistics

General Stats
  • This quiz has been taken 12 times
  • The average score is 4 of 5
Answer Stats
Picture Answer % Correct
Ant-Man
100%
Okoye
100%
Aero
75%
Enigma
58%
Ricochet
58%
No matching quizzes found
Score Distribution
Percent of People with Each Score
Percentile by Number Answered
Your Score History
You have not taken this quiz